000 00712nam a22001817a 4500
005 20230912161349.0
010 _aHIN-125938
020 _a8187617039
_c200.00
035 _aHN-98284
037 _bDBAD/PUB
082 _a821
100 _aरावल, अमृत लाल
_956469
245 _aआजादी के तराने /
_cअमृत लाल रावल
260 _aनई दिल्ली
_bढाही अक्षर प्रकाशन
270 _bनई दिल्ली
_aआर्य समाज रोड, करोल बाग
_e110005
300 _a268पृ.
_c22 सेमी (अजिल्द )
942 _2ddc
_cHN
_h821
_mरावल
999 _c198047
_d198047